| 000 | 00407 a2200157 4500 | ||
|---|---|---|---|
| 999 |
_c11315 _d11315 |
||
| 003 | OSt | ||
| 005 | 20230311105935.0 | ||
| 008 | 230308b ||||| |||| 00| 0 eng d | ||
| 020 | _a9780141978208 | ||
| 082 |
_a720.472 _bCAL |
||
| 100 | _aCalder, Barnabas | ||
| 245 | _aArchitecture: from prehistory to climate emergency | ||
| 260 |
_bPenguin Books Limited _aUSA _c2021 |
||
| 300 | _axi,515p.; | ||
| 942 | _2ddc | ||